El recupero de IVA por exportaciones a Tierra del Fuego (Registro nro. 15642)

Detalles MARC
000 -LEADER
fixed length control field 00326 a2200109 4500
001 - CONTROL NUMBER
control field ART_31211
005 - DATE AND TIME OF LATEST TRANSACTION
control field 20260410161706.0
008 - FIXED-LENGTH DATA ELEMENTS--GENERAL INFORMATION
fixed length control field 260409a
100 1# - MAIN ENTRY--PERSONAL NAME
Personal name Oklander, Juan
245 10 - TITLE STATEMENT
Title El recupero de IVA por exportaciones a Tierra del Fuego
773 0# - HOST ITEM ENTRY
Title Revista Impuestos
Related parts - Nº 22 (nov. 2007)
Record control number REV639

No hay ítems disponibles.